[Event "Sant Boi op 29th"]
[Site "Sant Boi de Llobregat"]
[Date "2017.04.21"]
[Round "1"]
[White "Flores Linan, Josep Luis"]
[Black "Gaona Gonzalez, Gerard"]
[Result "1-0"]
[WhiteElo "1823"]
[BlackElo "1977"]
[PlyCount "69"]
[EventDate "2017.04.21"]
[EventType "swiss"]
[EventRounds "9"]
[EventCountry "ESP"]
[SourceTitle "CBM 187 Extra"]
[Source "ChessBase"]
[SourceDate "2018.11.04"]
[SourceVersion "1"]
[SourceVersionDate "2018.11.04"]
[SourceQuality "1"]

1. d4 d6 2. c4 Nf6 3. Nc3 Nbd7 4. e4 e5 5. d5 Be7 6. Nge2 0-0 7. Ng3 g6 8. Be2 Re8 9. 0-0 Bf8 10. Be3 h6 11. b4 a5 12. a3 b6 13. Qd2 Kh7 14. f3 Bg7 15. Bd3 Rf8 16. Qf2 Ng8 17. c5 bxc5 18. bxc5 Ba6 19. Rad1 Bxd3 20. Rxd3 f5 21. c6 fxe4 22. Ngxe4 Ndf6 23. Qc2 Nxe4 24. Nxe4 Nf6 25. Qa4 Nxe4 26. Qxe4 Qe7 27. Rb3 Rfb8 28. Rfb1 Qf8 29. h4 h5 30. Rb7 Qc8 31. R1b5 Qd8 32. Bg5 Qf8 33. Qa4 Bh6 34. Rxc7+ Bg7 35. Rbb7 1-0

[Event "Sabadell Coral Colon op 9th"]
[Site "Sabadell"]
[Date "2015.02.13"]
[Round "2"]
[White "Gaona Gonzalez, Gerard"]
[Black "Martinez Lopez Cozar, Manuel"]
[Result "1-0"]
[WhiteElo "2120"]
[BlackElo "1858"]
[PlyCount "63"]
[EventDate "2015.02.06"]
[EventType "swiss"]
[EventRounds "9"]
[EventCountry "ESP"]
[SourceTitle "EXT 2016"]
[Source "ChessBase"]
[SourceDate "2015.10.08"]
[SourceVersion "1"]
[SourceVersionDate "2015.10.08"]
[SourceQuality "1"]

1. e4 c5 2. Nf3 Nc6 3. d3 d6 4. g3 g6 5. Bg2 Bg7 6. 0-0 Nf6 7. c3 Bg4 8. h3 Bxf3 9. Qxf3 0-0 10. Nd2 Nd7 11. Qe2 e5 12. Nc4 Nf6 13. f4 Nh5 14. Kh2 b5 15. Ne3 Rc8 16. f5 Nf6 17. g4 h6 18. Bd2 g5 19. Kg3 Ne8 20. Rh1 f6 21. h4 Kf7 22. hxg5 hxg5 23. a4 Nc7 24. axb5 Nxb5 25. d4 cxd4 26. Qxb5 dxe3 27. Bxe3 Rc7 28. Qd5+ Ke8 29. Rhd1 Rff7 30. Bf1 Bf8 31. Bb5 Qd7 32. Rxa7 1-0

[Event "Barcelona Tardor op 2nd"]
[Site "Barcelona"]
[Date "2014.11.24"]
[Round "8"]
[White "Gaona Gonzalez, Gerard"]
[Black "Magallanes, Gustavo"]
[Result "1-0"]
[WhiteElo "2072"]
[BlackElo "2118"]
[PlyCount "75"]
[EventDate "2014.10.06"]
[EventType "swiss"]
[EventRounds "8"]
[EventCountry "ESP"]
[SourceTitle "EXT 2017"]
[Source "ChessBase"]
[SourceDate "2016.10.25"]
[SourceVersion "1"]
[SourceVersionDate "2016.10.25"]
[SourceQuality "1"]

1. Nf3 Nf6 2. d3 g6 3. e4 Bg7 4. g3 0-0 5. Bg2 d6 6. 0-0 c5 7. c3 Nc6 8. Nbd2 e5 9. Nc4 b5 10. Ne3 a5 11. Bd2 Ra6 12. a4 b4 13. c4 Ng4 14. Nd5 f5 15. h3 Nf6 16. Bg5 Ne7 17. Nxf6+ Bxf6 18. Bxf6 Rxf6 19. exf5 gxf5 20. Nh4 d5 21. Re1 Qd6 22. Qe2 dxc4 23. Qxe5 cxd3 24. Qxd6 Raxd6 25. Rxe7 c4 26. Rc7 Ba6 27. Bf3 d2 28. Ng2 Rd4 29. Ne3 f4 30. gxf4 Rfd6 31. Kh2 Kf8 32. f5 Rd3 33. Bh5 c3 34. Rf7+ Ke8 35. Rg1 Rg6 36. fxg6 hxg6 37. Bxg6 c2 38. Bh5 1-0

[Event "Sant Boi op 36th"]
[Site "Sant Boi de Llobregat"]
[Date "2014.04.25"]
[Round "3"]
[White "Sanchez Lopez, Juan Manuel"]
[Black "Gaona Gonzalez, Gerard"]
[Result "1-0"]
[WhiteElo "2290"]
[BlackElo "2103"]
[PlyCount "93"]
[EventDate "2014.04.04"]
[EventType "swiss"]
[EventRounds "9"]
[EventCountry "ESP"]
[SourceTitle "CBM 160 Extra"]
[Source "ChessBase"]
[SourceDate "2014.07.01"]
[SourceVersion "1"]
[SourceVersionDate "2014.07.01"]
[SourceQuality "1"]

1. c4 d6 2. Nc3 e5 3. g3 Nf6 4. Bg2 Be7 5. d3 0-0 6. e3 c6 7. Nge2 Nbd7 8. 0-0 Qc7 9. Rb1 b6 10. b4 Bb7 11. b5 c5 12. e4 Rfe8 13. f4 exf4 14. gxf4 Nf8 15. Ng3 Ng6 16. Nf5 Bf8 17. Ne2 Ne7 18. Ne3 g6 19. f5 g5 20. Ng3 Nd7 21. Ng4 f6 22. Bxg5 Bg7 23. Nh6+ Kh8 24. Bf4 Ne5 25. Nh5 Ng8 26. Ng4 Qf7 27. Ng3 Rad8 28. Kh1 h5 29. Ne3 h4 30. Nh5 h3 31. Bf3 Bh6 32. Bxh6 Nxh6 33. Nf4 Rg8 34. Bh5 Qd7 35. Nxh3 Rg7 36. Bf3 Rdg8 37. Qe2 Rh7 38. Nf4 Nhf7 39. Ne6 Nh6 40. Rg1 Rxg1+ 41. Rxg1 Nxf5 42. Nf8 Nd4 43. Nxd7 Nxe2 44. Bxe2 Rxd7 45. Ng4 Nxc4 46. Nxf6 Rf7 47. Rg8# 1-0

[Event "Barcelona Vila de Gracia op 6th"]
[Site "Barcelona"]
[Date "2012.11.16"]
[Round "7"]
[White "Cruz Estrada, Filemon"]
[Black "Gaona Gonzalez, Gerard"]
[Result "1-0"]
[WhiteElo "2408"]
[BlackElo "2017"]
[PlyCount "79"]
[EventDate "2012.09.28"]
[EventType "swiss"]
[EventRounds "9"]
[EventCountry "ESP"]
[SourceTitle "EXT 2015"]
[Source "ChessBase"]
[SourceDate "2014.11.20"]
[SourceVersion "1"]
[SourceVersionDate "2014.11.20"]
[SourceQuality "1"]

1. c4 d6 2. Nc3 e5 3. g3 Nf6 4. Bg2 Be7 5. Nf3 0-0 6. 0-0 c6 7. e4 Re8 8. d4 Nbd7 9. b3 Qc7 10. Bb2 Bf8 11. Re1 a6 12. Rc1 g6 13. h3 Bg7 14. Qd2 Rb8 15. Red1 h6 16. dxe5 dxe5 17. Ba3 c5 18. Ne1 b6 19. Nc2 Bb7 20. Ne3 Rbd8 21. Ncd5 Nxd5 22. cxd5 Bf8 23. Bb2 Kh7 24. Rc2 h5 25. a4 Bh6 26. Qe2 Bf8 27. Qf3 f6 28. Bf1 Bd6 29. Bd3 Kg7 30. Qe2 Ra8 31. Nc4 Rf8 32. Qe3 Rh8 33. h4 Rh7 34. Bf1 Rd8 35. Bh3 Nf8 36. a5 b5 37. Nxd6 Qxd6 38. Qxc5 Kg8 39. Qxd6 Rxd6 40. Rdc1 1-0

[Event "Sant Boi de Llobregat op 20th"]
[Site "Sant Boi de Llobregat"]
[Date "2008.06.20"]
[Round "8.8"]
[White "Pinilla Sanchez, Josep A"]
[Black "Gaona Gonzalez, Gerard"]
[Result "1/2-1/2"]
[WhiteElo "1981"]
[BlackElo "2069"]
[PlyCount "21"]
[EventDate "2008.04.25"]
[EventType "swiss"]
[EventRounds "8"]
[EventCountry "ESP"]
[SourceTitle "EXT 2024"]
[Source "ChessBase"]
[SourceDate "2023.10.10"]
[SourceVersion "1"]
[SourceVersionDate "2023.10.10"]
[SourceQuality "1"]

1. f4 Nf6 2. Nf3 d5 3. e3 e6 4. b3 g6 5. Bb2 Bg7 6. Be2 0-0 7. 0-0 b6 8. Ne5 Bb7 9. d3 Nc6 10. Nd2 Ne7 11. Bf3 1/2-1/2

[Event "Sant Boi op-A"]
[Site "Sant Boi de Llobregat"]
[Date "2000.05.19"]
[Round "2"]
[White "Mitjavila, Badia Josep"]
[Black "Gaona Gonzalez, Gerard"]
[Result "0-1"]
[WhiteElo "2142"]
[BlackElo "2070"]
[PlyCount "104"]
[EventDate "2000.05.12"]
[EventType "swiss"]
[EventRounds "7"]
[EventCountry "ESP"]
[SourceTitle "EXT 2003"]
[Source "ChessBase"]
[SourceDate "2002.11.25"]
[SourceVersion "1"]
[SourceVersionDate "2002.11.25"]
[SourceQuality "1"]

1. d4 Nf6 2. Nf3 g6 3. c4 Bg7 4. Nc3 0-0 5. e4 d6 6. Be2 Nbd7 7. 0-0 e5 8. d5 Nh5 9. Ne1 Nf4 10. Nd3 Nxe2+ 11. Qxe2 f5 12. f3 a6 13. Be3 f4 14. Bf2 Qg5 15. c5 dxc5 16. Nxc5 Nxc5 17. Bxc5 Rf7 18. Rfd1 Bd7 19. d6 cxd6 20. Bxd6 Bc6 21. Nd5 Rd8 22. Ba3 Bf8 23. Bxf8 Bxd5 24. Bh6 Qxh6 25. Rxd5 Rxd5 26. exd5 Qg7 27. d6 Qf6 28. Rd1 Rd7 29. Qc4+ Kg7 30. Qd5 Kf8 31. a4 Kg7 32. Kf1 Kf8 33. Rd3 Kg7 34. a5 h5 35. h3 Kf8 36. b4 Kg7 37. Rd2 Kf8 38. Rc2 Qxd6 39. Rc8+ Ke7 40. Qxd6+ Rxd6 41. Rh8 Rd7 42. Ke2 Kf6 43. Rb8 Kg5 44. Re8 Rd5 45. Re6 Rb5 46. Kd3 Kf5 47. Rb6 Rxb6 48. axb6 a5 49. Kc4 e4 50. fxe4+ Kxe4 51. Kc5 Ke5 52. Kc4 g5 0-1